Most used English words - Statistics

General Stats
  • This quiz has been taken 677 times
  • The average score is 4 of 20
Answers on the Grid
Answers color-coded by a green-red scale on the quiz's grid according to % correct below.
Come
It
Take
At
You
Want
The
Not
Your
What
Be
Who
That
Us
Of
Yes
For
Tell
All
A
My
If
Do
Look
And
Me
Something
Have
Why
One
This
Right
Then
We
With
I
How
In
Get
To
 
Answer Stats
Answer % Correct
It
68%
A
37%
I
36%
The
35%
You
34%
To
19%
Of
16%
In
15%
Be
14%
And
12%
Not
11%
Do
10%
My
10%
Me
9%
What
9%
This
6%
We
6%
Have
4%
That
4%
Get
2%
No matching quizzes found
Score Distribution
Percent of People with Each Score
Percentile by Number Answered
Your Score History
You have not taken this quiz